书目信息 |
| 题名: |
重大事故应急救援系统及预案导论
|
|
| 作者: | 刘茂 , 吴宗之 编著 | |
| 分册: | ||
| 出版信息: | 北京 冶金工业出版社 2004.09 |
|
| 页数: | 211页 | |
| 开本: | 26cm | |
| 丛书名: | ||
| 单 册: | ||
| 中图分类: | X931 | |
| 科图分类: | ||
| 主题词: | 工业生产--gong ye sheng chan--事故--救灾--处理--中国 | |
| 电子资源: | ||
| ISBN: | 7-5024-3233-7 | |
| 000 | 01037nam 2200277 450 | |
| 001 | CAL 012003126514 | |
| 005 | 20050620162041.29 | |
| 010 | @a7-5024-3233-7@dCNY 38.00 | |
| 099 | @aCAL 012003126514 | |
| 100 | @a20030501d2004 ek y0chiy0121 ea | |
| 101 | 0 | @achi |
| 102 | @aCN@b110000 | |
| 105 | @aak al 001yy | |
| 200 | 1 | @a重大事故应急救援系统及预案导论@Azhong da shi gu ying ji jiu yuan xi tong ji yu an dao lun@f吴宗之, 刘茂编著 |
| 210 | @a北京@c冶金工业出版社@d2004.09 | |
| 215 | @a211页@c图@d26cm | |
| 320 | @a有书目 (第211页)和索引 (第206~210页) | |
| 330 | @a本书阐述了重大工业事故应急管理的基本概念和内容,系统介绍了重大事故应急救援系统的结构、组成,应急预案的分级、分类及基本要素,应急预案的编制程序和文件体系等。 | |
| 606 | 0 | @a工业生产@Agong ye sheng chan@x事故@x救灾@x处理@y中国 |
| 690 | @aX931@v4 | |
| 701 | 0 | @a刘茂@Aliu mao@4编著 |
| 701 | 0 | @a吴宗之@Awu zong zhi@4编著 |
| 801 | 0 | @aCN@bBJP@c20050620 |
| 905 | @a10447@dX931@eW920 | |
| 906 | @b黄河水利职业技术学院图书馆@dCNY 38.00@n5@r1 | |
| 998 | @aBJP | |
| 重大事故应急救援系统及预案导论/吴宗之, 刘茂编著.-北京:冶金工业出版社,2004.09 |
| 211页:图;26cm |
| ISBN 7-5024-3233-7:CNY 38.00 |
| 本书阐述了重大工业事故应急管理的基本概念和内容,系统介绍了重大事故应急救援系统的结构、组成,应急预案的分级、分类及基本要素,应急预案的编制程序和文件体系等。 |
| ● |
| 相关链接 |
|
|
|
正题名:重大事故应急救援系统及预案导论
索取号:X931/W920
 
预约/预借
| 序号 | 登录号 | 条形码 | 馆藏地/架位号 | 状态 | 备注 |
| 1 | 534578 | 205345786 | 期刊室512/501自科库 122排1列4层/ [索取号:X931/W920] | 在馆 | |
| 2 | 534579 | 205345795 | 期刊室512/501自科库 122排1列4层/ [索取号:X931/W920] | 在馆 | |
| 3 | 534580 | 205345802 | 期刊室512/501自科库 122排1列4层/ [索取号:X931/W920] | 在馆 | |
| 4 | 534581 | 205345811 | 自科库501/501自科库 122排1列4层/ [索取号:X931/W920] | 在馆 | |
| 5 | 534582 | 205345820 | 自科库501/501自科库 122排1列4层/ [索取号:X931/W920] | 在馆 |